000 00485nam a22001577a 4500
003 OSt
005 20151001095551.0
008 151001b xxu||||| |||| 00| 0 eng d
040 _cRUA
082 _aAVM កាន់ 1993 B067 Or.1
100 _91652
_aកាន់ ផាន់ណារ៉ា​
245 _aជងឺរលាកក្រពះ_ពោះវៀនសត្វជ្រូក,
260 _aphnom penh
_bRUA
_c1993
300 _a56p.
_bill.
_c29cm.
942 _2ddc
_cAVM
999 _c1560
_d1560